| 000 | 00480nam a22001817a 4500 | ||
|---|---|---|---|
| 003 | CEME | ||
| 005 | 20210628205116.0 | ||
| 008 | 210114b xxu||||| |||| 00| 0 eng d | ||
| 020 | _a9788177584431 | ||
| 040 | _c. | ||
| 082 | _a004.22 COM | ||
| 100 |
_aComer, Douglas E _963209 |
||
| 245 | _aEssentials of computer architecture | ||
| 260 |
_aINDIA _bPEARSON EDUCATION _c2012 |
||
| 300 | _aXVII, 330P | ||
| 650 |
_aCOMPUTER ARCHITECTURE - ESSENTIALS. _973945 |
||
| 942 |
_cBK _2ddc |
||
| 999 |
_c579550 _d579550 |
||